První česká elektronická peněženka
Využívanie elektronických peňazí v ČR. Terminály pri platbách kartou START. Projekty a plány platieb do budúcnosti. Elektronický šek. Bezpečnosť čipových kariet.
Salvato in:
| Autore principale: | |
|---|---|
| Natura: | Capitolo di libro |
| Lingua: | ceco |
| Soggetti: | |
| Tags: |
Nessun Tag, puoi essere il primo ad aggiungerne!!
|
MARC
| LEADER | 00000naa a2200000 4500 | ||
|---|---|---|---|
| 001 | r027368 | ||
| 005 | 20230612105432.9 | ||
| 041 | 0 | |a cze | |
| 044 | |a CZ | ||
| 245 | 1 | 0 | |a První česká elektronická peněženka |c V. Klíma |
| 520 | |a Využívanie elektronických peňazí v ČR. Terminály pri platbách kartou START. Projekty a plány platieb do budúcnosti. Elektronický šek. Bezpečnosť čipových kariet. | ||
| 610 | 2 | 0 | |a platby obchodné |
| 610 | 2 | 0 | |a platby neobchodné |
| 610 | 2 | 0 | |a využitie počítačov |
| 610 | 2 | 0 | |a karty platobné |
| 610 | 2 | 0 | |a karty čipové |
| 610 | 2 | 0 | |a šeky |
| 610 | 2 | 0 | |a terminály |
| 610 | 2 | 0 | |a bezpečnosť |
| 100 | 1 | |a Klíma, V. | |